Giáo trình lý thuyết và thực hành kỹ thuật nối mạng windows 2000 Server

Uloženo v:
Podrobná bibliografie
Hlavní autor: Nguyễn Tiến-Đặng Xuân Hường-Nguyễn Hữu Bình
Médium: Kniha
Jazyk:Vietnamese
Vydáno: Sunshine 2001
Tagy: Přidat tag
Žádné tagy, Buďte první, kdo otaguje tento záznam!
Thư viện lưu trữ: Mạng thư viện Đại học Đà Nẵng
LEADER 00718nam a2200277 4500
001 000025855
003 1404
005 20150325120000.0
008 150325s vm 000 vie
020 |c 54000,0000 
040 |a D2 
100 |a Nguyễn Tiến-Đặng Xuân Hường-Nguyễn Hữu Bình 
245 |a Giáo trình lý thuyết và thực hành kỹ thuật nối mạng windows 2000 Server 
260 |b Sunshine  |c 2001 
300 |a 594tr. ; 
OWN |a LTT 
999 |a From the UDN01 
TYP |a Monograph 
TYP |a Printed language 
980 |a Mạng thư viện Đại học Đà Nẵng